LIBRARY & INFORMATION CENTRE, KCAET, TAVANUR

ONLINE PUBLIC ACCESS CATALOGUE (OPAC)

Crop post-harvest : science and technology. Vol. 1, Principles and practice (Record no. 17548)

MARC details
000 -LEADER
fixed length control field 00298nam a22001097a 4500
003 - CONTROL NUMBER IDENTIFIER
control field OSt
008 - FIXED-LENGTH DATA ELEMENTS--GENERAL INFORMATION
fixed length control field 220826b |||||||| |||| 00| 0 eng d
082 ## - DEWEY DECIMAL CLASSIFICATION NUMBER
Classification number 631.56
Item number GOL/CR
100 ## - MAIN ENTRY--AUTHOR NAME
Personal name Golob, P.
245 ## - TITLE STATEMENT
Title Crop post-harvest : science and technology. Vol. 1, Principles and practice
942 ## - ADDED ENTRY ELEMENTS (KOHA)
Koha item type Books
Holdings
Withdrawn status Lost status Damaged status Home library Current library Date acquired Full call number Accession Number Koha item type
      KAUAET KAUAET 26/08/2022 631.56 GOL/CR 24849 Books
free website counter